000 00567nam a2200217Ia 4500
003 OSt
005 20220924134359.0
006 a|||||r|||| 00| 0
007 ta
008 220923b |||||||| |||| 00| 0 tam d
024 _a273947
037 _cTextual
040 _aARTS
_cARTS
_btam
041 _2tam
_atam
082 _aLB:573, 31J2
100 _aSirrmammvar Murty Swami Mulaliyar
_9208482
245 0 _aNoiillavaallva
260 _c1952
942 _hLB:573, 31J2
_cTEXL
_2CC
999 _c437313
_d437313